Vista normal Vista MARC

Entrada Topical Term

Número de registros utilizados en: 2

001 - CONTROL NUMBER

  • control field: 13786

003 - CONTROL NUMBER IDENTIFIER

  • control field: OSt

005 - DATE AND TIME OF LATEST TRANSACTION

  • control field: 20210222160735.0

008 - FIXED-LENGTH DATA ELEMENTS

  • fixed length control field: 210222|| aca||aabn | a|a d

040 ## - CATALOGING SOURCE

  • Original cataloging agency: OSt
  • Transcribing agency: OSt

150 ## - HEADING--TOPICAL TERM

  • Topical term or geographic name entry element: Crimen organizado
  • General subdivision: aspectos socioeconómicos
  • Geographic subdivision: Colombia

670 ## - SOURCE DATA FOUND

  • Source citation: Work cat.: (OSt): Arias, María Alejandra, compiladora 13784, Costos económicos y sociales del conflicto en Colombia: ¿cómo construir un posconflicto sostenible? / , 2014